| 000 | 00520nam a22002057a 4500 | ||
|---|---|---|---|
| 003 | PILC | ||
| 005 | 20151020154249.0 | ||
| 008 | 130320t xxu||||| |||| 00| 0 eng d | ||
| 020 | _a0516235303 | ||
| 050 |
_aNK 4893 _b.H59 2000 |
||
| 082 |
_aNK4893 _b.H59 2000 |
||
| 100 |
_aHooks, Kristine _921590 |
||
| 245 |
_aDolls : _cKristine Hooks _bcool collectibles / |
||
| 260 |
_aNew York _bChildren's Press _c2000. |
||
| 300 |
_a48 p. _c22 cm |
||
| 526 | _c860L-920L | ||
| 562 | _e1 | ||
| 942 |
_2lcc _cBK |
||
| 999 |
_c12069 _d12069 |
||